| 000 | 00890nam a22002652 4500 | ||
|---|---|---|---|
| 001 | 0000019150 | ||
| 005 | 20151217145911.0 | ||
| 008 | 101018s xx 000 0 eng d | ||
| 020 | _a0199214877 : | ||
| 040 |
_aKABU _cKABU |
||
| 245 | 1 | 0 |
_aWalker and Walker's English legal system / _cRichard Ward, Amanda Akhtar. |
| 250 | _a10th ed. | ||
| 260 |
_aOxford : _bO. U. P., _c2008. |
||
| 300 | _alxxxiv, 745 p. | ||
| 650 | 0 |
_aProcedure (Law) _zGreat Britain. _@0000160397 |
|
| 650 | 0 |
_aCourts _zGreat Britain. _@0000178805 |
|
| 650 | 0 |
_aLaw _zGreat Britain. _@0000153325 |
|
| 700 | 1 |
_aWard, Richard. _@0000178806 |
|
| 700 | 1 |
_aAkhtar, Amanda. _@0000178807 |
|
| 700 | 1 |
_aWalker, Ronald Jack. _@0000178808 |
|
| 852 | 1 | _9p3640 KES | |
| 852 | 1 | _9p3640 KES | |
| 908 | _a101018 | ||
| 950 | _@1 | ||
| 999 |
_c3883 _d3883 |
||